Biblioteca

Utopía y esperanza (Registro nro. 33117)

Detalles MARC
000 -LÍDER
Campo fijo de descripción fija 01027aam a2200313 i 4500
001 - NÚMERO DE CONTROL
Campo de control 768714001
003 - IDENTIFICADOR DEL NÚMERO DE CONTROL
Campo de control CO-MdFUSB
005 - FECHA Y HORA DE LA ULTIMA TRANSACCIÓN
control field 20250910103036.0
007 - CAMPO FIJO DE DESCRIPCIÓN FIJA--INFORMACIÓN GENERAL
Campo fijo de descripción fija ta
008 - ELEMENTOS DE LONGITUD FIJA -- INFORMACIÓN GENERAL
Campo fijo de descripción fija -- Información general 250910t2003 ck |||| |||| 00| 0 spa d
040 ## - FUENTE DE CATALOGACIÓN
Agencia que realiza la transcripción CO-MdFUSB
041 0# - CÓDIGO DE IDIOMA
Código de idioma para texto/pista de sonido o título separado spa
082 04 - NÚMERO DE CLASIFICACIÓN DECIMAL DEWEY
Número de la edición del Dewey 23
Número de clasificación 190
Clave de autor-Numero de item M912v
100 1# - ASIENTO PRINCIPAL--NOMBRE PERSONAL
Nombre personal Mosquera Brand, Fernando A. (Abilio)
Término relacionador autor
245 10 - TÍTULO
Título del Material Utopía y esperanza
Mención de responsabilidad, etc. / Fernando Abilio Mosquera Brand
264 #1 - PRODUCCIÓN, PUBLICACIÓN, DISTRIBUCIÓN, MANUFACTURA, Y COPYRIGHT
Nombre del productor, publicador, distribuidor Publicaciones SBC,
Lugar de producción, publicación, distribución, manufactura Medellín, Colombia :
Fecha de producción, publicación, distribución, manufactura, o copyright [2003]
264 #4 - PRODUCCIÓN, PUBLICACIÓN, DISTRIBUCIÓN, MANUFACTURA, Y COPYRIGHT
Fecha de producción, publicación, distribución, manufactura, o copyright ©2003
300 ## - DESCRIPCIÓN FÍSICA
Extensión 80 páginas
336 ## - TIPO DE CONTENIDO
Término de tipo de contenido texto
Código de tipo de contenido txt
Fuente rdacontent
337 ## - TIPO DE MEDIO
Fuente rdamedia
Nombre del tipo de medio sin mediación
Código del tipo de medio n
338 ## - TIPO DE SOPORTE
Fuente rdacarrier
Nombre del tipo de soporte volumen
Código Tipo de soporte nc
500 ## - NOTA GENERAL
Nota General Publicación institucional -- Incluye Fe de errata
505 ## - NOTA DE CONTENIDO
Nota de contenido con formato preestablecido Hacia una comprensión de la utopía -- Construcción filosófica de la utopía -- La utopía en la revelación divina --¿Qué tipo de utopías debemos construir hoy en Colombia?
563 ## - NOTA DE ENCUADERNACIÓN
Nota de encuadernación Rústico
653 ## - TÉRMINO DE INDIZACIÓN - NO CONTROLADO
Término no controlado Utopía
653 ## - TÉRMINO DE INDIZACIÓN - NO CONTROLADO
Término no controlado Esperanza
942 ## - TIPO DE MATERIAL (KOHA)
Tipo de Item KOHA Libros General
945 ## - INFORMACIÓN LOCAL DEL REGISTRO
Catalogador JTF-925
Existencias
Estado de Material Estado de Perdido Estado de Dañado No para Préstamo Colección Tomo Biblioteca de Origen Biblioteca Permanente Fecha de Adquisición Total de Préstamos Total de Renovaciones Signatura Topográfica Código de Barras Última vez visto Última vez Préstado Ejemplar/Existencia Fecha de Remplazo Tipo de Material Nota Pública
        Colección General   Biblioteca FUSBC Biblioteca FUSBC 19/09/2011 1 3 G 190 M912v 17232 12/12/2019 11/07/2018 1 26/01/2016 Libros General  
        Colección General   Biblioteca FUSBC Biblioteca FUSBC 19/09/2011     G 190 M912v 17234 17/09/2021   3 26/01/2016 Libros General  
        Colección General   Biblioteca FUSBC Biblioteca FUSBC 19/09/2011     G 190 M912v 17233 12/12/2019   2 26/01/2016 Libros Patrimoniales Este libro solo tiene préstamo en sala

Biblioteca FUSBC | Teléfono: (57+4) 349 88 10 Ext. 141| WhatsApp (+57) 3005338115 
E-mail: biblioteca@unisbc.edu.co | Calle 76 87-14 Robledo Palenque, Medellín, Colombia

Con tecnología Koha